Statistics for North American Island Nations

Click here to take the quiz!

General Stats

  • This quiz has been taken 59 times
  • The average score is 12 of 13

Answer Stats

Country % Correct
Dominica
100%
Cuba
98%
Dominican Republic
98%
Antigua and Barbuda
96%
Bahamas
96%
Haiti
96%
Saint Lucia
96%
Trinidad and Tobago
96%
Barbados
94%
Jamaica
94%
Saint Kitts and Nevis
94%
Saint Vincent and the Grenadines
94%
Grenada
91%

Score Distribution

Percentile by Number Answered

Percent of People with Each Score

Your Score History

You have not taken this quiz